000
00307nam a2200133Ia 4500
100
_a
Ziegler Kurt
942
_c
BK
654
_a
Computer
245
_a
Integrating Netware into the Enterprise Network
260
_b
John Wiley & Sons
_a
New York
_c
1994
300
_a
406
546
_a
ENGLISH
999
_c
29596
_d
29596